书目信息 |
| 题名: |
西望长安
|
|
| 作者: | 老舍 著 | |
| 分册: | ||
| 出版信息: | 北京 群众出版社 1979 |
|
| 页数: | 100页 | |
| 开本: | 19cm | |
| 丛书名: | 人民保卫者文艺丛书 | |
| 单 册: | ||
| 中图分类: | I234.7 | |
| 科图分类: | ||
| 主题词: | 话剧--剧本--中国--现代 | |
| 电子资源: | ||
| ISBN: | 10067.158 | |
| 000 | 00698oam2 2200253 450 | |
| 001 | 0179003130 | |
| 005 | 20100712215539.0 | |
| 010 | @a10067.158@dCNY0.22 | |
| 091 | @a10067.158 | |
| 100 | @a19950719d1979 em y0chiy0110 ea | |
| 101 | 0 | @achi |
| 102 | @aCN@b110000 | |
| 105 | @ay z 000by | |
| 106 | @ar | |
| 200 | 1 | @a西望长安@9Xi Wang Chang;Zhang An @e五幕六场话剧@f老舍著 |
| 210 | @a北京@c群众出版社@d1979 | |
| 215 | @a100页@d19cm | |
| 225 | 2 | @a人民保卫者文艺丛书 |
| 461 | 0 | @12001 @a人民保卫者文艺丛书 |
| 606 | 0 | @a话剧@x剧本@y中国@z现代 |
| 690 | @aI234.7@v3 | |
| 701 | 0 | @a老舍@9lao she@f(1899~1966)@4著 |
| 801 | 0 | @aCN@bAzMarc@c20130904 |
| 905 | @aBZT@dI234.7@e14@f3@sI234.7/14 | |
| 西望长安:五幕六场话剧/老舍著.-北京:群众出版社,1979 |
| 100页;19cm.-(人民保卫者文艺丛书) |
| ISBN 10067.158:CNY0.22 |
| ● |
| 相关链接 |
|
|
|
正题名:西望长安
索取号:I234.7/14
 
预约/预借
| 序号 | 登录号 | 条形码 | 馆藏地/架位号 | 状态 | 备注 |
| 1 | 2000079851 | 2000079851 | 旧书回溯/ [索取号:I234.7/14] | 在馆 | |
| 2 | 2000079852 | 2000079852 | 旧书回溯/ [索取号:I234.7/14] | 在馆 | |
| 3 | 2000133824 | 2000133824 | 旧书回溯/ [索取号:I234.7/14] | 在馆 |